[Event "TUR-chT2"]
[Site "Konya"]
[Date "2018.07.15"]
[Round "9.25"]
[White "Aydinli, Necati Kaan"]
[Black "Karakus, Ali"]
[Result "0-1"]
[WhiteElo "1179"]
[BlackElo "1159"]
[PlyCount "148"]
[EventDate "2018.07.10"]
[EventType "team-swiss"]
[EventRounds "9"]
[EventCountry "TUR"]
[SourceTitle "EXT 2019"]
[Source "ChessBase"]
[SourceDate "2018.10.10"]
[SourceVersion "1"]
[SourceVersionDate "2018.10.10"]
[SourceQuality "1"]
[WhiteTeam "Ermenek Turkuaz Yelken"]
[BlackTeam "Dulumpinar Turk"]
[WhiteTeamCountry "TUR"]
[BlackTeamCountry "TUR"]

1. d4 d5 2. Nf3 Nf6 3. c4 e6 4. Nc3 c6 5. Bd2 Be7 6. e3 Nbd7 7. Bd3 0-0 8. 0-0 dxc4 9. Bxc4 b5 10. Bd3 a6 11. Rc1 Bb7 12. Ne2 Rc8 13. b4 Nd5 14. a3 a5 15. e4 N5f6 16. Bb1 axb4 17. Bxb4 c5 18. dxc5 Bxc5 19. Bxc5 Rxc5 20. Rxc5 Nxc5 21. e5 Nfd7 22. Qc2 g6 23. Nc3 Bxf3 24. gxf3 Qg5+ 25. Kh1 Nxe5 26. Rg1 Qf4 27. Qe2 Qxf3+ 28. Qxf3 Nxf3 29. Rc1 Rb8 30. Na2 Nd7 31. Rc3 Nfe5 32. Nb4 Kg7 33. Na6 Rb6 34. Nc7 b4 35. axb4 Rxb4 36. Bc2 Rc4 37. Rxc4 Nxc4 38. Kg2 Kf6 39. Nb5 e5 40. Bb3 Ndb6 41. f3 Kg5 42. Kg3 f5 43. h4+ Kh5 44. Bd1 f4+ 45. Kh3 Ne3 46. Be2 Nf5 47. Na7 Nxh4 48. Nc6 Nd7 49. Ne7 Kg5 50. Nc6 Nf5 51. Nd8 Nd4 52. Bd1 Kf5 53. Nf7 h5 54. Nd6+ Ke6 55. Ne4 Nf6 56. Nc5+ Kf5 57. Kg2 e4 58. fxe4+ Nxe4 59. Nb3 Nxb3 60. Bxb3 f3+ 61. Kh1 g5 62. Bc2 Kf4 63. Kh2 g4 64. Bd3 g3+ 65. Kg1 h4 66. Bc2 h3 67. Bxe4 Kxe4 68. Kh1 g2+ 69. Kg1 Ke3 70. Kh2 f2 71. Kg3 f1N+ 72. Kxh3 g1Q 73. Kh4 Kf4 74. Kh5 Qg5# 0-1

[Event "TUR-chT2"]
[Site "Konya"]
[Date "2018.07.12"]
[Round "5.23"]
[White "Temel, Mustafa"]
[Black "Aydinli, Necati Kaan"]
[Result "1-0"]
[WhiteElo "1539"]
[BlackElo "1179"]
[PlyCount "66"]
[EventDate "2018.07.10"]
[EventType "team-swiss"]
[EventRounds "9"]
[EventCountry "TUR"]
[SourceTitle "EXT 2019"]
[Source "ChessBase"]
[SourceDate "2018.10.10"]
[SourceVersion "1"]
[SourceVersionDate "2018.10.10"]
[SourceQuality "1"]
[WhiteTeam "Erdem Kultur Egitim"]
[BlackTeam "Ermenek Turkuaz Yelken"]
[WhiteTeamCountry "TUR"]
[BlackTeamCountry "TUR"]

1. Nf3 d5 2. c4 dxc4 3. e4 Nc6 4. Bxc4 Bg4 5. Qb3 e6 6. Qxb7 Nge7 7. Bb5 Rb8 8. Bxc6+ Nxc6 9. Qxc6+ Ke7 10. Ne5 Bh5 11. Qc2 Ke8 12. Nc6 Qc8 13. Nxb8 Qxb8 14. Qa4+ Kd8 15. Nc3 Qb7 16. d4 Bb4 17. f3 Re8 18. 0-0 Be7 19. Kh1 f6 20. Bd2 Bf8 21. Nb5 a6 22. Nxc7 Kxc7 23. Qa5+ Kd7 24. Qxh5 h6 25. Bc3 Bb4 26. Rac1 Bxc3 27. Rxc3 Rc8 28. Rfc1 Qxb2 29. h4 Qb4 30. f4 a5 31. Rc4 Qa3 32. Qb5+ Kd6 33. Rc6+ Kd7 1-0